Statistics for Can you name the top scoring number 10s in Premier League history?

Click here to take the quiz!

General Stats

  • This quiz has been taken 14 times
  • The average score is 6 of 11

Answer Stats

GoalsPlayer% Correct
208Wayne Rooney
91%
213Harry Kane
73%
184Sergio Aguero
73%
87Dennis Bergkamp
45%
150Michael Owen
45%
111Sadio Mane
45%
146Teddy Sheringham
45%
126Robbie Keane
36%
144Robin van Persie
36%
95Ruud van Nistelrooy
36%
85Eden Hazard
27%

Score Distribution

Percentile by Number Answered

Percent of People with Each Score

Your Score History

You have not taken this quiz